| 000 | 00643nam a22002052 4500 | ||
|---|---|---|---|
| 001 | 0000006285 | ||
| 005 | 20151217152016.0 | ||
| 008 | 071012s xx 000 0 eng d | ||
| 020 |
_a0070619301 : _cKES 4760 |
||
| 040 |
_aKABU _cKABU |
||
| 100 | 1 |
_aPhillips, Joseph. _@0000154261 |
|
| 245 | 1 | 0 |
_aPMP Project management professional study guide / _cJoseph Phillips. |
| 250 | _a2nd ed. | ||
| 260 |
_aNew Delhi : _bTat McGraw-Hill, _c2006. |
||
| 300 |
_axxix, 591 p. + _e1 cd-rom. |
||
| 650 | 0 |
_aProject management _xStudy guide. _@0000157697 |
|
| 908 | _a071012 | ||
| 950 | _@1 | ||
| 999 |
_c7256 _d7256 |
||